| 000 | 02211nam0a2200445 4500 | ||
|---|---|---|---|
| 001 | RU\NLR\bibl\1089781 | ||
| 005 | 20250615052309.0 | ||
| 010 |
_a978-5-8459-1224-4 _92000 |
||
| 021 |
_aRU _b2007-25191 _91334 |
||
| 035 | _a(nilc)RSL-KNO-002604457 | ||
| 035 | _a(NLR Aleph) 001076922 | ||
| 090 |
_a1034058 _c1034058 |
||
| 100 | _a20070523d2007 |||y0rusy50 ca | ||
| 101 | 1 |
_arus _ceng |
|
| 102 | _aRU | ||
| 105 | _aa ||||||||| | ||
| 200 | 1 |
_aУправление отделом продаж _eпланирование. Организация. Контроль _fМарк У. Джонстон, Грег У. Маршалл _g[пер. с англ. А. И. Мороза, О. Л. Пелявского] |
|
| 205 | _a7-е изд. | ||
| 210 |
_aМосква [и др.] _cВильямс _d2007 |
||
| 215 |
_a639 с. _cил. _d24 _e[1] электр.-опт. диск |
||
| 300 | _aЗагл. и авт. ориг.: Sales force management / Mark W. Jonston, Greg W. Marshall | ||
| 300 | _aНа тит. л. и обл.: Черчилль, Форд, Уокер | ||
| 320 | _aБиблиогр. в прим.: с. 603-633 | ||
| 320 | _aПредм. указ.: с. 634-639 | ||
| 454 | 0 |
_12001#$aSales force management$fMark W. Jonston, Greg W. Marshall _1700#1$aJonston$bM. W.$gMark$4070 _1701#1$aMarshall$bG. W.$gGreg W.$4070 _tSales force management _aJonston, Mark |
|
| 606 | 1 |
_aПредприятия _xСбыт продукции _xУправление _92318575 _3RU\NLR\auth\661387214 |
|
| 610 | 0 | _aЭкономика -- Капиталистические страны -- Промышленность -- Сбыт продукции -- Управление | |
| 610 | 0 | _aЭкономика -- Капиталистические страны -- Торговля -- Маркетинг -- Управление | |
| 686 |
_aУ830.0-592-21,0 _2rubbk |
||
| 686 |
_aУ842.0-36-21,0 _2rubbk |
||
| 686 | _aУ42(0)1-21 | ||
| 686 | _aУ29(0) | ||
| 700 | 1 |
_aДжонстон _bМ. У. _gМарк У _4070 |
|
| 701 | 1 |
_aМаршалл _bГ. У. _gГрег У _4070 |
|
| 801 | 0 |
_aRU _bRuMoRKP _c20050523 _grcr |
|
| 801 | 1 |
_aRU _bRuMoRGB _c20050523 |
|
| 801 | 2 |
_aRU _bNLR _c20051019 _grcr |
|
| 942 | _cBOOK | ||
| 980 | _aNB | ||